Vista normal
Vista MARC
Entrada Personal Name
Número de registros utilizados en: 1
001 - CONTROL NUMBER
- control field: 17433
003 - CONTROL NUMBER IDENTIFIER
- control field: DLC
005 - DATE AND TIME OF LATEST TRANSACTION
- control field: 20250904164159.0
008 - FIXED-LENGTH DATA ELEMENTS
- fixed length control field: 080317n| azannaabn |a aaa
010 ## - LIBRARY OF CONGRESS CONTROL NUMBER
- LC control number: n 2008019183
035 ## - SYSTEM CONTROL NUMBER
- System control number: (OCoLC)oca07701432
040 ## - CATALOGING SOURCE
- Original cataloging agency: DLC
- Language of cataloging: spa
- Description conventions: rda
- Transcribing agency: Mx-PuUPA
- Modifying agency: DLC
- Modifying agency: PSt
- Modifying agency: Mx-PuUPA
046 ## - SPECIAL CODED DATES
- Birth date: 19570920
- Source of date scheme: edtf
100 1# - HEADING--PERSONAL NAME
- Personal name: Howard, William E.,
- Fuller form of name: (William Edward),
- Dates associated with a name: 1957-
372 ## - FIELD OF ACTIVITY
- Field of activity: Gráficos de computadora
- Field of activity: Diseño asistido por computadora
- Source of term: lcsh
373 ## - ASSOCIATED GROUP
- Associated group: Universidad de Carolina del Este
- Source of term: naf
374 ## - OCCUPATION
- Occupation: Profesor universitario
- Occupation: Autor
- Source of term: lcsh
375 ## - GENDER
- Gender: hombre
377 ## - ASSOCIATED LANGUAGE
- Language code: eng
400 1# - SEE FROM TRACING--PERSONAL NAME
- Personal name: Howard, Ed,
- Dates associated with a name: 1957-
670 ## - SOURCE DATA FOUND
- Source citation: Howard, William E. Introduction to solid modeling using Solidworks 2008, c2008:
- Information found: ECIP title page (William E. Howard) galley (Ed Howard; assistant professor in Technology Systems Dept. of East Carolina University; taught 9 yrs. at Milwaukee School of Eng.; MS, eng. mechanics, Va. Tech; Ph. D., mechanical eng., Marquette U.)
670 ## - SOURCE DATA FOUND
- Source citation: Tel. call to McGraw-Hill, March 17, 2008
- Information found: (William Edward Howard; b. Sept. 20, 1957)